000 00386nam a2200157 i 4500
001 bg
100 1 _aKUKURBA, Hanna.
245 0 _aZbiór zadań z elektrotechniki /
_cHanna Kukurba, Alina Śliwa.
250 _aWyd.3 zmien.
260 _aGliwice,
_c1977.
700 1 _aŚLIWA, Alina.
040 _cBPK
041 _apol
942 _cKS
008 s pl f |000 0 pol
999 _c47166
_d47166
856 _uhttp://koha.tu.koszalin.pl/cgi-bin/koha/opac-detail.pl?biblionumber=47166
_yKatalog online BPK